What a Drag Quiz Stats

 Plays Quiz Updated Oct 18, 2018

Score 0/25 Timer 06:00
0 Plays Today
Hint Answer % Correct
Robin Williams
92.2%
John Travolta
90.4%
Tom Hanks
75.3%
Eddie Murphy
65.3%
Barbra Streisand
64.5%
Julie Andrews
64%
Johnny Depp
60.7%
Tyler Perry
55.4%
Dustin Hoffman
54.4%
Martin Lawrence
53.1%
Amanda Bynes
52.6%
Hilary Swank
50.5%
Marlon Wayans
48.3%
Hint Answer % Correct
Tim Curry
43.7%
Patrick Swayze
36.3%
John Lithgow
35.5%
Jack Lemmon
26%
David Duchovny
24.8%
Nathan Lane
24.5%
Jamie Farr
21.4%
John Leguizamo
20.9%
Liev Schreiber
15.5%
Milton Berle
12.1%
Guy Pearce
6.4%
Hugo Weaving
6%

You're not logged in!

Compare scores with friends on all Sporcle quizzes.
OR
Log In

Sporcle TV

Today on Sporcle TV


Watch our educational content, quiz creation guides, and fun videos on Sporcle TV.

Show Comments

Extras

Top Quizzes Today


Score Distribution

Your Account Isn't Verified!

In order to create a playlist on Sporcle, you need to verify the email address you used during registration. Go to your Sporcle Settings to finish the process.

Report this User

Report this user for behavior that violates our Community Guidelines.

Details: